000 01001nas a2200325 4500
001 BR0500115
003 BR-BrBNA
005 20231205105043.0
007 ta
008 230509b bl.|||p| |||| 00| 00por d
040 _aBR-BrBNA
_bpor
_cBiblioteca Nacional de Agricultura
041 _a(Pt)
072 _aQ04
100 1 _aFerrão, M.F.
100 1 _aCarvalho, C.W.
100 1 _aMüller, E.I.
100 1 _aDavanzo, C.U.
245 1 _aDeterminação simultânea dos teores de cinza e proteína em farinha de trigo empregando NIRR-PLS e DRIFT-PLS
650 _aFARINHA DE TRIGO
650 _aPROTEÍNA
650 _aCINZA
650 _aANÁLISE QUÍMICA
650 _aMÉTODO ESTATÍSTICO
650 _aESPECTROMETRIA
650 _aRAIO INFRAVERMELHO
650 _aRIO GRANDE DO SUL
773 0 _tCiência e Tecnologia de Alimentos (Brazil)
_xISSN 0101-2061
_g(Jul-Sep 2004), v. 24(3) p. 333-340
_wBR0500115
909 _a202311
_bLúcia
_c55
_dLúcia Elande
942 _2AGRIS
_n0
_cANA
999 _c181005
_d181005